000 01367cam a22003617a 4500
003 CHAP
005 20220329132937.0
008 971013s1974 r 10010 d
010 _a508
011 _a1480
035 _a656
040 _cCHAP
082 _a333.72
_bM4 1971
111 0 0 _aMesa Redonda Panamericana sobre Recursos Naturales (
_n5
_d: 1971
_c: Bogotá, Colombia)
_975065
245 1 4 _aLos recursos naturales en la integración latinoamericana
260 _aSantiago de Chile :
_bInstituto Panamericano de Geografía e Historia. Comisión de Geografía,
_c1974
300 _a389 p.
490 0 _aPublicación: 358
500 _a36-225
590 _aBATCH-UPD
_b10
_c20130110
_lUCH01
_h0019
590 _aBATCH-UPD
_b10
_c20130110
_lUCH01
_h2137
590 _aBATCH-UPD
_b10
_c20130409
_lUCH01
_h1958
590 _aBATCH-UPD
_b10
_c20130410
_lUCH01
_h1446
590 _aBATCH-UPD
_b10
_c20130914
_lUCH01
_h1814
590 _aCONVERSION
_b10
_c20130109
_lUCH01
_h1302
650 1 4 _aRecursos naturales
_xCongresos.
_995219
711 0 _aMesa Redonda Colombiana sobre Recursos Naturales (1 : 1971 : Bogotá, Colombia)
_975055
830 0 _aPublicación: 358
_992785
901 _aBK
942 _cLIBRO
949 _a333.72 M4 1971
_bBC
_cLIBRO
_d33724000356473
_eLIBRO
_h76989
_i656
_si
949 _a333.72 M4 1971
_bBC
_cLIBRO
_d33724000356481
_eLIBRO
_fc.2
_h76990
_i656
_si
999 _c508
_d508